000 00856nam a2200229 i 4500
001 99185
003 ES-MaACL
005 20250826084008.0
007 t|
008 050902s1973 sp ||||1| spa d
100 1 _aMartín Duque, Angel J.
_977477
245 1 0 _aPeajes navarros
_b: Pamplona (1351), Tudela (1365), Sangüesa (1362), Carcastillo (1362) /
_cA. J. Martín Duque, J. Zabalegui, J. Carrasco Pérez.
260 _aPamplona :
_bUniversidad de Navarra,
_c1973.
300 _a199 p. :
_bil. ;
_c25 cm.
490 1 _aCuadernos de Trabajos de Historia
700 1 _aZabalegui, J.
_9117795
700 1 _aCarrasco Pérez, Juan.
_935564
710 2 _aUniversidad de Navarra.
_97252
830 0 0 _aCuadernos de trabajos de historia (Universidad de Navarra)
_9232381
852 _aES-MaACL
_jC-52314
_bR.85808
999 _c99185
_d99185